000 00714nam a2200289Ia 4500
005 20260324113525.0
008 008 260324s9999 xx 000 0 eng d
020 _a9781003449843
037 _aEBOOK
040 _aCRL
040 _beng
040 _cCRL
041 _2eng
041 _aeng
084 _qCRL
100 _aMarek Wodawski; Stanisław Fel; Jarosław Kozak
_91147109
245 0 _aPolish Return Migration after Brexit
245 2 _bA Sociological Forecast
260 _bTaylor and Francis
260 _c2023
365 _a
365 _b83.99
856 _uhttp://www.taylorfrancis.com/books/9781003449843
942 _cEBOOK
999 _c1736815
_d1736815